00694nam a22002415a 450000500170000000800410001701000140005802000270007203500130009903700130011204000080012508200170013310000190015024500750016925000060024426000360025027000750028630000290036150000190039065000180040965000220042770000030044920080522115808.0080520s2008 nyu 000 0 eng  aENG-97828 c1000.00a9788178311838 aEN-81361 bDBAD/PUB aDPL a305.56880954 aKrishnan, P.S. aEmpowering dalits for empowering India a road- map /cby P.S. Krishnan a. aDelhibManak Publicationsc2009 aB-7, Saraswati Complex, Subhash Chwok, Laxmi Nagar,bNew Delhie110092 axxxii, 544p.b23cm. (Hb) aIncludes index aSongs, Hindi. aHindustani music.